Die erste Erwähnung Wünschelburgs vor 700 Jahren
| Titel: | Die erste Erwähnung Wünschelburgs vor 700 Jahren |
|---|---|
| Verfasser: | |
| In: |
Grofschoaftersch Häämtebärnla, Band 43 (1991), Seite 66-69 alle Artikel anzeigen |
| Veröffentlicht: | 1991 |
| Format: | Aufsatz |
| Sprache: | Deutsch |
X
alg: 39463937 001A $01999:12-11-16 001B $01999:01-06-17 $t17:57:46.000 001D $01999:12-11-16 001U $0utf8 001X $00 002@ $0Aox 003@ $0394639375 007A $0394639375 $aHEB 007T $0Herdww016972 010@ $ager 011@ $a1991 021A $aDie @erste Erwähnung Wünschelburgs vor 700 Jahren 028A $aMenzel $dPaul 031A $d43 $h66-69 $j1991 039B $aIn $8--Abvc--. Grofschoaftersch Häämtebärnla. - Lüdenscheid : Zentralstelle Grafschaft Glatz/Schlesien e.V., 1956-[2019] $x199100000430000934 $9047864346 045T $a7,41 $a8,1 lok: 39463937 78 exp: 39463937 78 1 #EPN 201B/01 $025-02-18 $t22:23:16.000 201U/01 $0utf8 203@/01 $079074984X 208@/01 $a12-11-16 $be 209A/01 $a/ $f000 $x00 220C/01 $aTitelaufnehmer: MP 220C/01 $aHerkunft: IH UWr 244Z/01 $2Trx $#Silesia $#Śląsk $#Sliezsko $#Slezsko $8--Trx--Schlesien $x01 $9391173987 244Z/01 $#Radków $74108750-1 $8--Tg1--Wünschelburg $x02 $9085322180 244Z/01 $aGeschichte 1200-1990 $x03 244Z/01 $2Trx $#ülevaated kohad $#vietovės bendras $#overview cities $#ábrázolások, átfogó helyek $#miejscowości poszczególne $#dejiny miestne $#dějiny místní $#Ortsgeschichte $#Städte $#Orte $#miasta $#miestne dejiny $8--Trx--Darstellungen, übergreifende$gOrte $x04 $9391384228 244Z/01 $2Trx $8--Trx--Zeitschriftenaufsatz $x05 $9391384341 247C/01 $82080>Marburg/Lahn, Herder-Institut, Forschungsbibliothek, Bibliographieportal $9336309341
| LEADER | 00000caa a22000002c 4500 | ||
|---|---|---|---|
| 001 | 394639375 | ||
| 003 | DE-603 | ||
| 005 | 20170601175746.0 | ||
| 007 | tu | ||
| 008 | 161112s1991 xx |||| | u00||u|ger c | ||
| 035 | |a (DE-599)HEB394639375 | ||
| 040 | |a DE-603 |b ger |c DE-603 |d DE-603 | ||
| 041 | |a ger | ||
| 084 | |a 7,41 |a 8,1 |2 ssgn | ||
| 100 | 1 | |a Menzel, Paul | |
| 245 | 0 | 0 | |a Die erste Erwähnung Wünschelburgs vor 700 Jahren |
| 264 | 0 | |c 1991 | |
| 773 | 0 | 8 | |i In |t Grofschoaftersch Häämtebärnla |d Lüdenscheid : Zentralstelle Grafschaft Glatz/Schlesien e.V., 1956-[2019] |g Band 43 (1991), Seite 66-69 |w (DE-603)047864346 |w (DE-600)558553-3 |
| 924 | 0 | |9 2080 |a (DE-603)79074984X |b DE-2080 |c HES |d d |g / | |


